Catalog

Record Details

Catalog Search



Lectures on the Apocalypse  Cover Image Book Book

Lectures on the Apocalypse / by William Milligan

Milligan, William (Author).

Record details

  • Physical Description: 239 p.
  • Edition: 3rd ed.
  • Publisher: London Macmillan 1892

Available copies

  • 1 of 1 copy available at Common Catalog SPOK.

Holds

  • 0 current holds with 1 total copy.
Show All Copies
Location Call Number / Copy Notes Barcode Shelving Location Status Due Date
ETS Library 228.06 424470001248 Volný výběr Available -

LDR 00604nam a2 00229
00136356
003CZ-PrJAB
00520030307000000.0
008030307s1892 xxk e |||| |eng
009gb
035 . ‡a(CONS)5285
035 . ‡aKPS1081
041 . ‡aeng
08214. ‡a228.06
100 . ‡74516 ‡aMilligan, William
245 . ‡aLectures on the Apocalypse / ‡cby William Milligan
250 . ‡a3rd ed.
260 . ‡aLondon ‡bMacmillan ‡c1892
300 . ‡a239 p.
653 . ‡aLectures on the Apocalypse
8524 . ‡bETS ‡bETS ‡cVolný výběr ‡j228.06 ‡gP ‡p424470001248 ‡xreference
910 . ‡aABG450
999 . ‡a5285 ‡bAUTOGEN ‡c5285 ‡tbiblio
905 . ‡uadmin
901 . ‡a36356 ‡b ‡c36356 ‡tbiblio ‡sets

Additional Resources